The Japanese-style economic system : A new balance betwen intervention and freedom
Αποθηκεύτηκε σε:
| Κύριος συγγραφέας: | |
|---|---|
| Μορφή: | Βιβλίο |
| Γλώσσα: | Undetermined |
| Έκδοση: |
Tokyo
Kinji Kawamura, Foreign Press Center
1981
|
| Θέματα: | |
| Ετικέτες: |
Προσθήκη ετικέτας
Δεν υπάρχουν, Καταχωρήστε ετικέτα πρώτοι!
|
| Thư viện lưu trữ: | Trung tâm Học liệu Trường Đại học Cần Thơ |
|---|
| LEADER | 00588nam a2200205Ia 4500 | ||
|---|---|---|---|
| 001 | CTU_85957 | ||
| 008 | 210402s9999 xx 000 0 und d | ||
| 082 | |a 330.9 | ||
| 082 | |b N163 | ||
| 100 | |a Nakagawa, Yatsuhiro | ||
| 245 | 4 | |a The Japanese-style economic system : | |
| 245 | 2 | |b A new balance betwen intervention and freedom | |
| 245 | 0 | |c Yatsuhiro Nakagawa | |
| 260 | |a Tokyo | ||
| 260 | |b Kinji Kawamura, Foreign Press Center | ||
| 260 | |c 1981 | ||
| 650 | |a Economic condition | ||
| 650 | |z Japan | ||
| 904 | |i Năm | ||
| 980 | |a Trung tâm Học liệu Trường Đại học Cần Thơ | ||